טוען...

Theerthadanam

מידע ביבליוגרפי
מחבר ראשי: Paulo
יצא לאור: DCBooks
LEADER 00170 a2200097 4500
020
260 |b DCBooks 
942 |c BK  |6 _ 
245 |a Theerthadanam  
100 |a Paulo  
999 |c 63734  |d 63734